Saltar al contenido

Вестник Балтийского федерального университета им. И. Канта. Серия Физико-математические науки, 2012, № 10 Журнал

Guardado en:
Detalles Bibliográficos
Formato: Журнал
Edición:1
Acceso en línea:https://znanium.com/catalog/document?id=217769
https://znanium.com/cover/0425/425456.jpg
Etiquetas: Agregar Etiqueta
Sin Etiquetas, Sea el primero en etiquetar este registro!
LEADER 01428nam0a2200241 i 4500
001 RU\infra-m\znanium\bibl\425456
003 https://znanium.com/catalog/document?id=217769
005 20210119000000.0
100 |a 20210119d2013 m y0rusy0150 ca 
101 0 |a rus 
102 |a RU 
200 1 |a Вестник Балтийского федерального университета им. И. Канта. Серия Физико-математические науки, 2012, № 10  |e Журнал 
205 |a 1 
210 1 |a Калининград  |c Федеральное государственное автономное образовательное учреждение высшего профессионального образования "Балтийский федеральный университет им. Иммануила Канта"  |d 2012 
215 |a 168 с. 
333 |a Аспирантура 
606 |a Физико-математические науки  |2 local 
608 |a Журнал  |2 local 
675 |a 501  |z rus 
686 |a 22  |2 rubbk 
801 0 |a RU  |b Общество с ограниченной ответственностью «ЗНАНИУМ»  |c 20130618  |2 rusmarc 
856 4 |a znanium.com  |m ebs_support@infra-m.ru  |n НИЦ ИНФРА-М  |u https://znanium.com/catalog/document?id=217769 
856 4 1 |a znanium.com  |d /cover/0425  |f 425456.jpg  |q image/jpeg  |u https://znanium.com/cover/0425/425456.jpg